personnage de films - Statistiques

Statistiques générales
  • Ce quiz a été pris 874 fois
  • Le résultat moyen est 5 sur 13
Statistiques - réponses
Hint Réponse % Correct
un bonhomme de neige olaf
89%
un éléphant qui vole dumbo
81%
un pantin en bois pinocchio
73%
un robot nettoyeur wall-e
67%
des travailleurs jaunes minions
56%
une souris très connue mickey mouse
40%
un poisson jaune et bleu polochon
29%
un chien de reporter milou
28%
un shérif amusant woody
26%
un oiseau bleu blue
14%
un robot qui soigne baymax
12%
un enfant robot astro
10%
des personnages qui vivent dans des champignons shtroumpfs
9%
Aucun quiz correspondant
Distribution des résultats
% des personnes avec chaque résultat
Percentile par nombre de réponses
Votre historique - résultats
Vous n’avez pas pris ce quiz